<?xml version="1.0" encoding="UTF-8"?>
<record
    xmlns:xsi="http://www.w3.org/2001/XMLSchema-instance"
    xsi:schemaLocation="http://www.loc.gov/MARC21/slim http://www.loc.gov/standards/marcxml/schema/MARC21slim.xsd"
    xmlns="http://www.loc.gov/MARC21/slim">

  <leader>01272nam a2200181Ia 4500</leader>
  <controlfield tag="005">20250807104731.0</controlfield>
  <controlfield tag="008">250807s9999    xx            000 0 und d</controlfield>
  <datafield tag="020" ind1=" " ind2=" ">
    <subfield code="a">9781558762091</subfield>
  </datafield>
  <datafield tag="082" ind1=" " ind2=" ">
    <subfield code="a">964.02</subfield>
    <subfield code="b">SHA</subfield>
  </datafield>
  <datafield tag="100" ind1=" " ind2=" ">
    <subfield code="a">Shatzmiller, Maya</subfield>
  </datafield>
  <datafield tag="245" ind1=" " ind2="4">
    <subfield code="a">The Berbers and the Islamic State</subfield>
  </datafield>
  <datafield tag="245" ind1=" " ind2="0">
    <subfield code="c">Shatzmiller, Maya</subfield>
  </datafield>
  <datafield tag="260" ind1=" " ind2=" ">
    <subfield code="b">Princeton : Markus Wiener Publishers</subfield>
    <subfield code="c">2000</subfield>
  </datafield>
  <datafield tag="300" ind1=" " ind2=" ">
    <subfield code="a">230 pages</subfield>
  </datafield>
  <datafield tag="520" ind1=" " ind2=" ">
    <subfield code="a">Especially germane at a time when Arabs and Islam are reflexively equated, Schatzmiller (U. of Western Ontario) studies the Berbers' search for their place in Islamic history since their 8th century conquest. Atypically, the author points out the strengths of this North African Berber-Islamic state--larger than present-day Morocco--in the 13th-15th centuries under the rule of Islamophile Marinid tribes. Encompassing her writings from 1976- 93, she discusses the waqf endowment for the public good institution as an example of acculturation to Islamic norms and the Kitab al-ans-ab history text in terms of Berber identity issues. Appendices provides details on this text and the waqf system. Includes illustrations of texts, artifacts, and mosques. Annotation copyrighted by Book News Inc., Portland, OR</subfield>
  </datafield>
  <datafield tag="650" ind1=" " ind2=" ">
    <subfield code="a">History</subfield>
  </datafield>
  <datafield tag="942" ind1=" " ind2=" ">
    <subfield code="c">ENGLISH</subfield>
  </datafield>
  <datafield tag="999" ind1=" " ind2=" ">
    <subfield code="c">579045</subfield>
    <subfield code="d">579045</subfield>
  </datafield>
  <datafield tag="952" ind1=" " ind2=" ">
    <subfield code="0">0</subfield>
    <subfield code="1">0</subfield>
    <subfield code="4">0</subfield>
    <subfield code="7">0</subfield>
    <subfield code="a">ACL</subfield>
    <subfield code="b">ACL</subfield>
    <subfield code="c">7B</subfield>
    <subfield code="d">2025-08-07</subfield>
    <subfield code="l">0</subfield>
    <subfield code="o">964.02 SHA</subfield>
    <subfield code="p">424652</subfield>
    <subfield code="r">2025-08-07 10:47:31</subfield>
    <subfield code="w">2025-08-07</subfield>
    <subfield code="y">ENGLISH</subfield>
  </datafield>
</record>
